Σχεδιασμός της εμπειρίας ξενάγησης σε μουσεία : μελέτη περίπτωσης : Νέο Μουσείο Ακρόπολης : διπλωματική εργασία
Η αφήγηση αποτελεί το κατεξοχήν εργαλείο διαμεσολάβησης που χρησιμοποιούν οι ξεναγοί, κατά την αλληλεπίδραση των επισκεπτών με τα εκθέματα ενός μουσείου. Τα περισσότερα μουσεία επιχειρούν να εισάγουν διάφορες τεχνολογικές λύσεις, όπως για παράδειγμα την ψηφιακή αφήγηση, προκειμένου να επαυξήσουν την...
Saved in:
| Main Author: | |
|---|---|
| Corporate Author: | |
| Format: | Thesis Book |
| Language: | Greek |
| Published: |
2014.
|
| Subjects: | |
| Online Access: | http://hdl.handle.net/11610/9199 |
| Tags: |
Add Tag
No Tags, Be the first to tag this record!
|
MARC
| LEADER | 00000cam a2200000 a 4500 | ||
|---|---|---|---|
| 001 | 1/122808 | ||
| 008 | 210323s2014####gr | ||| |||| ||gre|| | ||
| 040 | |a GR-MyUa |b gre |c GR-MyUa |e AACR2 | ||
| 041 | 0 | |a gre | |
| 082 | 7 | |a 069 |2 (23) | |
| 100 | 1 | |a Βάπτισμα, Άννα. | |
| 245 | 1 | 0 | |a Σχεδιασμός της εμπειρίας ξενάγησης σε μουσεία : |b μελέτη περίπτωσης : Νέο Μουσείο Ακρόπολης : διπλωματική εργασία / |c Άννα Βάπτισμα ; επιβλέπων καθηγητής: Βασίλης Παπακωστόπουλος. |
| 260 | |c 2014. | ||
| 300 | |a 103 φύλλα : |b εικ. ; |c 30 εκ. | ||
| 502 | |a Πτυχιακή εργασία - Πανεπιστήμιο Αιγαίου, Σύρος, 2014. | ||
| 504 | |a Βιβλιογραφία: σ. 99-103. | ||
| 520 | 8 | |a Η αφήγηση αποτελεί το κατεξοχήν εργαλείο διαμεσολάβησης που χρησιμοποιούν οι ξεναγοί, κατά την αλληλεπίδραση των επισκεπτών με τα εκθέματα ενός μουσείου. Τα περισσότερα μουσεία επιχειρούν να εισάγουν διάφορες τεχνολογικές λύσεις, όπως για παράδειγμα την ψηφιακή αφήγηση, προκειμένου να επαυξήσουν την εμπειρία του επισκέπτη. Η επίτευξη του συγκεκριμένου στόχου ωστόσο, συνιστά μια από τις πιο σημαντικές προκλήσεις. Το ενδιαφέρον της παρούσας μελέτης εστιάζεται στην κατανόηση του τρόπου με τον οποίο «χτίζεται» η εμπειρία ξενάγησης από φυσικούς και ψηφιακούς ξεναγούς στο Νέο Μουσείο Ακρόπολης με σκοπό την ανάλυση και μοντελοποίηση του νοηματικού χάρτη των ξεναγών καθώς επίσης την αναγνώριση των μεταξύ τους συγκλίσεων/ αποκλίσεων. Τέλος, διευρευνάται το εαν η έννοια «εμπειρία ξενάγησης» υποστασιοποιείται με ανάλογο τρόπο μέσω φυσικής και ψηφιακής αφήγησης. | |
| 650 | 0 | |a Museum visitors. | |
| 650 | 0 | |a Museums |x Technological innovations. | |
| 650 | 0 | |a Digital storytelling. | |
| 700 | 1 | |a Παπακωστόπουλος, Βασίλειος Γ. |e dgs | |
| 710 | 2 | |a Πανεπιστήμιο Αιγαίου. |b Τμήμα Μηχανικών Σχεδίασης Προϊόντων και Συστημάτων. | |
| 852 | |a INST |b SYROS |c DIATR |e 20210322 |h 069 ΒΑΠ |p 005500014350 |q 005500014350 |t DIE |y 23 | ||
| 856 | |u http://hdl.handle.net/11610/9199 | ||
| 924 | |a Βάπτισμα |b Άννα |y Σύρος |z 2015-11 | ||
| 970 | |a Κοντού |b Παρασκευή |z 23/03/2021 | ||